01022nam a2200205 a 450000500170000000800410001702000180005805000260007610000200010224500850012226000650020730000340027244000300030650000630033652003440039952100090074365000250075265000240077765000150080120140310183408.0121029s19uu xx 00 eng d a9780470285381 aHG 4529.5b.An52 2009 aAnderson, Aaron aOwn the world :bhow smart investors create global portfolios /cAaron Anderson. aHoboken, N.J. ; Chichester, UK :bWiley ; John Wiley,c2009. axiv, 207 p. :bill. ;c24 cm. aFisher investments series aIncludes bibliographical references (p. 193-198) and index aOnce considered the playground only of the ultra-rich or institutional investors, global investing is fast becoming not only possible, but a necessity for every investor. As part of the recently formed Fisher Investments Press, Own the World introduces readers to the vast advantages of seeking investment opportunities all over the planet aBSBA aPortfolio management aInvestment analysis aSecurities